Quizz sur Angers - Statistiques

Statistiques générales
  • Ce quiz a été pris 1 046 fois
  • Le résultat moyen est 10 sur 12
Statistiques - réponses
description Réponses % Correct
Club de Foot de la ville, créé en 1921 et actuellement en Ligue 1 Angers SCO
98%
Affluent de la Loire qui passe au centre de la ville la Maine
97%
Département dont Angers est la préfecture Maine et Loire (49)
95%
Moyen de transport ré-instauré et inauguré en 2011 qui fait depuis la fierté des habitants tramway
95%
La plus célèbre place du centre-ville où se situe notamment le marché de Noël en hiver Place du ralliement
88%
Nom de la gare mise en service en 1853 qui aujourd'hui est relié au réseau LGV français Angers Saint-Laud
85%
Ancien maire d'Angers devenu ministre sous le gouvernement Elisabeth Borne I en 2022 Christophe Béchu
83%
Tapisserie célèbre représentant un épisode biblique qui niche au sein du château Tapisserie de l'apocalypse
78%
Angers en est sa place forte, ancienne région phare du royaume de France Anjou
73%
Célèbre personnage d'Angers du XVe siècle surnommé le "bon roi ...." René d'Anjou
73%
Célèbre île en périphérie de la ville où se rejoigne la Sarthe et la Mayenne Île Saint Aubin
55%
Château au coeur de la ville construit au XIIIe Siècle et classé monument historique depuis 1875 Château des ducs d'Anjou
52%
Aucun quiz correspondant
Distribution des résultats
% des personnes avec chaque résultat
Percentile par nombre de réponses
Votre historique - résultats
Vous n’avez pas pris ce quiz